Metalli della Tavola periodica - Statistics

Statistiche generali
  • Questo quiz è stato fatto 79 volte
  • Il punteggio medio è 57 su 92
Statistiche sulle risposte
Z Simbolo Elemento % Corretto
20 Ca Calcio
97%
19 K Potassio
97%
11 Na Sodio
97%
26 Fe Ferro
95%
3 Li Litio
95%
12 Mg Magnesio
95%
29 Cu Rame
93%
47 Ag Argento
92%
25 Mn Manganese
92%
79 Au Oro
92%
30 Zn Zinco
92%
13 Al Alluminio
90%
24 Cr Cromo
90%
4 Be Berillio
88%
28 Ni Nichel
88%
92 U Uranio
87%
31 Ga Gallio
83%
38 Sr Stronzio
83%
27 Co Cobalto
82%
82 Pb Piombo
82%
56 Ba Bario
78%
80 Hg Mercurio
77%
22 Ti Titanio
75%
48 Cd Cadmio
73%
55 Cs Cesio
72%
78 Pt Platino
72%
88 Ra Radio
72%
23 V Vanadio
72%
87 Fr Francio
70%
46 Pd Palladio
70%
74 W Tungsteno
70%
94 Pu Plutonio
68%
84 Po Polonio
68%
37 Rb Rubidio
68%
21 Sc Scandio
68%
40 Zr Zirconio
68%
77 Ir Iridio
63%
42 Mo Molibdeno
63%
104 Rf Rutherfordio
62%
50 Sn Stagno
62%
43 Tc Tecnezio
62%
63 Eu Europio
60%
49 In Indio
60%
39 Y Ittrio
60%
81 Tl Tallio
60%
83 Bi Bismuto
58%
57 La Lantanio
58%
76 Os Osmio
58%
97 Bk Berkelio
57%
100 Fm Fermio
57%
41 Nb Niobio
57%
45 Rh Rodio
57%
95 Am Americio
55%
58 Ce Cerio
55%
73 Ta Tantalio
55%
99 Es Einsteinio
53%
101 Md Mendelevio
53%
68 Er Erbio
52%
93 Np Nettunio
52%
44 Ru Rutenio
52%
90 Th Torio
52%
75 Re Renio
50%
89 Ac Attinio
48%
96 Cm Curio
48%
70 Yb Itterbio
48%
102 No Nobelio
48%
107 Bh Bohrio
47%
98 Cf Californio
47%
103 Lr Laurenzio
47%
72 Hf Afnio
45%
64 Gd Gadolinio
45%
71 Lu Lutezio
43%
108 Hs Hassio
42%
113 Nh Nihonio
42%
106 Sg Seaborgio
42%
65 Tb Terbio
42%
66 Dy Disprosio
40%
105 Db Dubnio
40%
60 Nd Neodimio
40%
67 Ho Olmio
40%
59 Pr Praseodimio
40%
62 Sm Samario
40%
112 Cn Copernicio
38%
115 Mc Moscovio
38%
110 Ds Darmstadtio
37%
114 Fl Flerovio
37%
116 Lv Livermorio
37%
109 Mt Meitnerio
37%
91 Pa Protoattinio
37%
61 Pm Promezio
35%
69 Tm Tulio
35%
111 Rg Roentgenio
33%
Nessun quiz corrispondente trovato
Distribuzione punteggi
Percentuale di utenti per punteggio
Percentile per numero di risposta
I tuoi punteggi nel tempo
Non hai fatto questo quiz